000 00660nam a2200169Ia 4500
008 090201s9999 xx 000 0 und d
010 _aKPL-62558
040 _bमराठी
041 _aमराठी
082 _a20738
_b62558
100 _aसुनील चिंचोलकर
245 _aश्री समर्थ चरित्र : आक्षेप आणि खंडन
_cसुनील चिंचोलकर
260 _c2004
_bमोरया प्रकाशन
300 _a80
_bमोठा
600 _aश्री समर्थ चरित्र : आक्षेप आणि खंडन
942 _cBOOK
999 _c220501
_d220501